000 00811nam a2200277 4500
001 00268
003 DO-SdBNP
005 20180402155703.0
007 00268
008 160411b 1964 ||||| |||| 00| 0 spa d
020 _a
040 _aBPMSU
_bspa
_cBPMSU
082 _a863.5
_bJ614p
100 1 _aJiménez, Juan Ramón,
_d1881-1958.
245 1 0 _aPlatero y yo :
_belegía andaluza (1907-1916) /
_cJuan Ramón Jiménez ; ilustraciones de Benjamín Palencia.
250 _a
260 _aBarcelona :
_bEdiciones Nauta,
_c1964.
300 _a151 p. :
_bil. ;
_c20 cm.
490 _a
_v
650 _aCUENTOS INFANTILES ESPAÑOLES
700 1 2 _aPalencia, Benjamín,
_eil.
830 _a
_v
942 _2ddc
_cBK
945 _aInventariado, 2018/ YL
956 _aVMATEO
_b10
_c20160830
_dBPMSU
_f0069
999 _c11215
_d11215